000 01923nam a2200493 i 4500
001 39615
003 KOSZ 005
005 20240405063129.0
008 200609s2000 pl a g 001 0 pol
015 _aPB 2001/15427
020 _a8388283545
040 _aWA N
_cWA N
_dKOSZ 005/RW
045 _bd1918
_bd1919
046 _k2000
080 _a94(438).081
080 _a94(477)
245 0 0 _aWalki o Lwów i Małopolskę Wschodnią 1918-1919 :
_bwybór materiałów źródłowych.
_nT. 2,
_p1 grudnia 1918 r. - 27 lutego 1919 r. /
_cwstęp, wybór dokumentów i opracowanie Bogusław Polak ; Politechnika Koszalińska.
260 _aKoszalin :
_bWydawnictwo Uczelniane Politechniki Koszalińskiej,
_c2000.
300 _a485, [1] stron, [24] strony tablic, [3] karty tablic :
_bilustracje, mapy ;
_c25 cm.
336 _aTekst
_btxt
_2rdacontent
337 _aBez urządzenia pośredniczączego
_bn
_2rdamedia
338 _aWolumin
_bnc
_2rdacarrier
380 _aKsiążki.
380 _aPublikacje naukowe
388 _a1901-2000
388 _a1989-2000
504 _aBibliografia na stronach 3-14. Indeks.
648 7 _a1901-2000
648 7 _a1914-1918
648 7 _a1918-1939
650 7 _aBitwa o Lwów (1918-1919)
650 7 _aWojsko
651 7 _aPolska
651 7 _aUkraina
655 7 _aWydawnictwo źródłowe
658 _aHistoria
658 _aBezpieczeństwo i wojskowość
700 1 _aPolak, Bogusław
_d(1945-)
_eOpracowanie
710 2 _aPolitechnika Koszalińska
710 2 _aWydawnictwo Uczelniane (Politechnika Koszalińska)
_4pbl
856 _uhttp://koha.tu.koszalin.pl/cgi-bin/koha/opac-detail.pl?biblionumber=39615
_yKatalog online BPK
856 _uhttp://dlibra.tu.koszalin.pl/dlibra/docmetadata?id=1265&from=latest
_yBiblioteka Cyfrowa
942 _2UKD
_cKS
999 _c39615
_d39615